[Event "Castellar op"]
[Site "?"]
[Date "1996.??.??"]
[Round "?"]
[White "Pomes Marcet, Juan"]
[Black "Campos Moreno, Javier B"]
[Result "0-1"]
[WhiteElo "2420"]
[BlackElo "2475"]

1.d4 Nf6 2.c4 e6 3.Nc3 Bb4 4.f3 d5 5.a3 Bxc3+ 6.bxc3 c5 7.cxd5 Nxd5 8.Qd2 O-O
9.e3 b6 10.c4 Nf6 11.Bb2 Nc6 12.Bd3 Ba6 13.dxc5 Na5 14.Qc2 Rc8 15.Rd1 Qe7
16.Ne2 Rxc5 17.Bd4 Rcc8 18.c5 Bxd3 19.Qxd3 e5 20.Bc3 Rfd8 21.Qf5 Rxd1+ 22.Kxd1 Rxc5
23.Bb4 Rd5+ 24.Ke1 Qd7 25.Qc2 Nc6 26.Nc3 Nxb4 27.axb4 Rd6 28.Ke2 h6 29.Rb1 e4
30.Nxe4 Nxe4 31.fxe4 Qg4+ 32.Kf2 Rf6+ 33.Kg1 Re6 34.h3 Qxe4 35.Qxe4 Rxe4  0-1

[Event "Catalunya-chT"]
[Site "Catalunya"]
[Date "1996.??.??"]
[Round "?"]
[White "Formanek, Edward W"]
[Black "Campos Moreno, Javier B"]
[Result "0-1"]
[WhiteElo "2355"]
[BlackElo "2475"]

1.d4 Nf6 2.c4 e6 3.Nc3 Bb4 4.f3 d5 5.a3 Bxc3+ 6.bxc3 c5 7.cxd5 Nxd5 8.dxc5 Qa5
9.e4 Ne7 10.Be3 O-O 11.Qb3 Qc7 12.Bb5 Nec6 13.Ne2 e5 14.Bxc6 Nxc6 15.O-O Be6
16.Qc2 Na5 17.Nc1 Rfd8 18.Bf2 Rd7 19.Rd1 Rad8 20.Rxd7 Rxd7 21.Nd3 Bb3 22.Qb1 Qd8
23.Ne1 Rd1 24.Qb2 Rd2 25.Qb1 Qd7 26.a4 h6 27.g3 Qe6 28.Be3 Rd1 29.Qxd1 Bxd1
30.Rxd1 Qb3 31.Rd8+ Kh7 32.Rd7 f6 33.Rc7 Qxa4 34.c6 bxc6 35.Bc5 Qd1 36.Kf1 Nb3
37.Bxa7 Qa1 38.c4 Nd2+ 39.Ke2 Nxc4 40.Bf2 Qa6 41.Nd3 Nb2 42.Rd7 c5 43.h4 Qb5
44.Rd8 Nxd3 45.Rxd3 c4 46.Rd5 Qb2+ 47.Kf1 c3 48.Rc5 Qd2  0-1

[Event "CZE-chT2c 9596"]
[Site "CZE"]
[Date "1996.??.??"]
[Round "4"]
[White "Holemar, David"]
[Black "Saljova, Silvie"]
[Result "0-1"]
[WhiteElo "2110"]
[BlackElo "2235"]

1.d4 Nf6 2.c4 e6 3.Nc3 Bb4 4.f3 d5 5.cxd5 exd5 6.e3 O-O 7.Bd3 c5 8.Ne2 Nc6
9.a4 c4 10.Bc2 Ba5 11.O-O Re8 12.Qe1 a6 13.Qh4 Ne7 14.e4 Ng6 15.Qf2 dxe4
16.fxe4 Qc7 17.Nd5 Nxd5 18.exd5 Bg4 19.d6 Qxd6 20.Qxf7+ Kh8 21.Bf4 Qb6 22.Bxg6 Bxe2
23.Bxh7 Kxh7 24.Qf5+ Kg8 25.Qd5+ Kh8 26.Be5 Rad8 27.Bxg7+ Kxg7 28.Qf7+ Kh8
29.Rf4 Qh6 30.Rf6 Qg7  0-1

[Event "DEN-chT9596"]
[Site "DEN"]
[Date "1996.??.??"]
[Round "5"]
[White "Josephsen, Niels"]
[Black "Ochsner, Thomas"]
[Result "1/2-1/2"]
[WhiteElo "2255"]
[BlackElo "2300"]

1.d4 Nf6 2.c4 e6 3.Nc3 Bb4 4.f3 d5 5.a3 Bxc3+ 6.bxc3 c5 7.cxd5 Nxd5 8.dxc5 Qa5
9.e4 Nf6 10.Be3 O-O 11.Qb3 Nc6 12.Bb5 Qc7 13.Ne2 e5 14.Bxc6 bxc6 15.O-O Rb8
16.Qa4 Rb2 17.Ng3 Qb7 18.Rad1 Be6 19.Rd6 Ne8 20.Rd8 Nc7 21.Rxf8+ Kxf8 22.Nf5 Bb3
23.Qb4 Be6 24.Qa4 Bb3 25.Qb4  1/2-1/2

[Event "FIN-chT 9697"]
[Site "FIN"]
[Date "1996.??.??"]
[Round "5.4"]
[White "Lampen, Timo"]
[Black "Leino, Jukka"]
[Result "1/2-1/2"]
[WhiteElo "2280"]
[BlackElo "2170"]

1.d4 Nf6 2.c4 e6 3.Nc3 Bb4 4.f3 d5 5.a3 Bxc3+ 6.bxc3 b6 7.cxd5 exd5 8.e3 O-O
9.Bd3 c5 10.Ne2 Ba6 11.O-O Re8 12.Ng3 Bxd3 13.Qxd3 cxd4 14.cxd4 Nc6 15.Bd2 Qd7
16.Rfc1 h5 17.Qf5 Re6 18.Nxh5 Nxh5 19.Qxh5 Rae8 20.Re1 Na5 21.Bxa5 bxa5 22.Qg5 Qb5
23.e4 Qc4 24.Qe3 dxe4 25.fxe4 Rxe4 26.Qxe4 Rxe4 27.Rxe4 f5 28.Rf4 g5 29.Rf2 Qxd4
30.Rf1 f4 31.Kh1 Kg7 32.h4 Kg6 33.hxg5 Kxg5 34.Rxf4 Qxf4 35.Rxf4 Kxf4 36.Kh2 Kg4
37.g3 a4 38.Kg2 Kg5 39.Kf3 Kf5 40.g4+ Kg5 41.Kg3 a5 42.Kf3 Kg6 43.Kf4 Kf6
44.g5+ Kg6 45.Kg4 Kg7 46.Kf5 Kf7 47.Ke5 Kg6 48.Kf4 Kg7 49.Kf5 Kf7 50.Ke5 Kg6
51.Kd5 Kxg5 52.Kc5 Kf6 53.Kb5 Ke7 54.Kxa4 Kd8 55.Kxa5 Kc8 56.Ka6 Kb8 57.Kb6 Ka8
58.a4 Kb8 59.a5 Ka8 60.a6 Kb8 61.a7+ Ka8 62.Ka6  1/2-1/2

[Event "Finkenstein op"]
[Site "Finkenstein"]
[Date "1996.??.??"]
[Round "3"]
[White "Stojnic, Miodrag"]
[Black "Reichmann, Egon"]
[Result "1-0"]
[WhiteElo "2090"]
[BlackElo "2275"]

1.d4 Nf6 2.c4 e6 3.Nc3 Bb4 4.f3 d5 5.a3 Bxc3+ 6.bxc3 c5 7.e3 O-O 8.cxd5 Nxd5
9.Ne2 Nc6 10.e4 Nde7 11.dxc5 Qa5 12.Be3 e5 13.Qc2 Be6 14.Nc1 Rad8 15.Bd3 Ng6
16.O-O Rd7 17.Re1 Nf4 18.Bf1 f5 19.Nd3 fxe4 20.fxe4 Nxd3 21.Bxd3 Rfd8 22.Be2 h6
23.Reb1 Qc7 24.Rb5 Re7 25.Rab1 Bc8 26.Bc4+ Kh8 27.Bd5 Ree8 28.Rf1 Rf8 29.Rbb1 Qe7
30.Qa4 Qc7 31.Qb3 Qe7 32.Qb5 Qc7 33.Rb2 a6 34.Qe2 Qe7 35.Rb6 Rxf1+ 36.Qxf1 Rf8
37.Qd1 Rf6 38.Qh5 Kh7 39.Rb1 Rf8 40.h3 Qf6 41.Kh2 Qe7 42.Rb2 Rf1 43.Rb6 Rf8
44.Bxc6 bxc6 45.Rxc6 Qe8 46.Qxe8 Rxe8 47.Rc7 Be6 48.Ra7 Bc4 49.c6 Bd3 50.c7 Rc8
51.Bb6 Kg6 52.Kg3 Kf6 53.Kf3 Ke6 54.Ba5 Rf8+ 55.Ke3 Bf1 56.Rb7 Kd7 57.Rb8 Rc8
58.Kf2 Bd3 59.Ke3 Bf1 60.Rb2 Kc6 61.Rb6+ Kd7 62.Rg6 Rg8 63.h4 Bc4 64.g3 Bb5
65.Rb6 Bc4 66.Rb4 Bb5 67.c4 Bc6 68.Rb6  1-0

[Event "Finkenstein op"]
[Site "Finkenstein"]
[Date "1996.??.??"]
[Round "9"]
[White "Krizsany, Laszlo"]
[Black "Reichmann, Egon"]
[Result "1-0"]
[WhiteElo "2455"]
[BlackElo "2275"]

1.d4 Nf6 2.c4 e6 3.Nc3 Bb4 4.f3 d5 5.a3 Bxc3+ 6.bxc3 c5 7.cxd5 exd5 8.e3 O-O
9.Bd3 b6 10.Ne2 Ba6 11.O-O Bxd3 12.Qxd3 Re8 13.Ng3 Nc6 14.Ra2 cxd4 15.cxd4 Re7
16.Re2 Rd7 17.Bb2 Ne8 18.Qf5 Nc7 19.Qg4 Ne6 20.h4 Qf6 21.f4 Qg6 22.Qh3 Qd3
23.f5 Nf8 24.f6 g6 25.h5 g5 26.h6 Nd8 27.Qg4 Nde6 28.e4 Rad8 29.Nf5 Kh8 30.Re3 Qb5
31.Bc3 Ng6 32.Ng7 Nef4 33.g3 Nd3 34.e5 Ndxe5 35.Rxe5 Qd3 36.Ba1 Nxe5 37.dxe5 Qe3+
38.Kh1 Rc7 39.e6 Rc1 40.Rxc1 Qxc1+ 41.Kg2 Rc8 42.Bd4 Rc2+ 43.Bf2 Rxf2+ 44.Kxf2 Qb2+
45.Kg1 Qa1+ 46.Kg2 Qb2+ 47.Kh3 Qxf6 48.Qh5 Qf1+ 49.Kg4 Qe2+ 50.Kxg5 Qe5+
51.Kh4 Qe4+ 52.Qg4 fxe6 53.Qxe4 dxe4 54.Nxe6 b5 55.Kg4 a5 56.Nd4 b4 57.a4 Kg8
58.Nb3  1-0

[Event "BL2-O9596"]
[Site "Germany"]
[Date "1996.??.??"]
[Round "?"]
[White "Machelett, Heiko"]
[Black "Cordes, Hans Joerg"]
[Result "1-0"]
[WhiteElo "2345"]
[BlackElo "2300"]

1.d4 Nf6 2.c4 e6 3.Nc3 Bb4 4.f3 c5 5.d5 Nh5 6.Nh3 Qh4+ 7.Nf2 Qxc4 8.e4 Bxc3+
9.bxc3 Qxc3+ 10.Bd2 Qd4 11.Qc1 exd5 12.Bc3 Qa4 13.Qg5 O-O 14.Qxd5 Nf4 15.Qxc5 d5
16.Bb5 Qc2 17.O-O dxe4 18.Rac1 Ne2+ 19.Bxe2 Qxe2 20.Qe5 f6 21.Qd5+ Kh8 22.Nxe4 Qe3+
23.Kh1 Nc6 24.Rce1 Qh6 25.Nd6 Qg6 26.Nf7+  1-0

[Event "Goetzis op"]
[Site "Goetzis"]
[Date "1996.??.??"]
[Round "1"]
[White "Kelecevic, Nedeljko"]
[Black "Studer, Kurt"]
[Result "1-0"]
[WhiteElo "2475"]
[BlackElo "1720"]

1.d4 Nf6 2.c4 e6 3.Nc3 Bb4 4.f3 c5 5.d5 e5 6.Bd2 d6 7.Qc2 Na6 8.e4 Bd7 9.a3 Bxc3
10.Bxc3 O-O 11.Bd3 Nh5 12.Ne2 f5 13.exf5 Nf4 14.Nxf4 exf4 15.f6 Qe8+ 16.Kf1 gxf6
17.Bxh7+ Kh8 18.Bg6 Qe7 19.Re1 Qg7 20.g4 Rg8 21.Bf5 Bxf5 22.Qxf5 Raf8 23.Re6 Qg6
24.Bxf6+ Kh7 25.Re7+ Kh6 26.Bg5+ Qxg5 27.Rh7+  1-0

[Event "Goetzis op"]
[Site "Goetzis"]
[Date "1996.??.??"]
[Round "8"]
[White "Braun, Christian"]
[Black "Lechenbauer, Karl"]
[Result "1-0"]
[WhiteElo "2200"]
[BlackElo "1805"]

1.d4 Nf6 2.c4 e6 3.Nc3 Bb4 4.f3 c5 5.d5 Bxc3+ 6.bxc3 e5 7.e4 d6 8.Bd3 O-O
9.Ne2 Re8 10.O-O Nbd7 11.g4 Nf8 12.Bg5 h6 13.Be3 g5 14.h4 Ng6 15.hxg5 hxg5
16.Bxg5 Kg7 17.Qd2 Rh8 18.Kg2 Bd7 19.Ng3 Qc7 20.Nf5+ Bxf5 21.exf5 e4 22.fxg6 exd3
23.gxf7 Qxf7 24.Qxd3 Rh7 25.Rh1 Rah8 26.Rxh7+ Rxh7 27.Rh1 Rxh1 28.Kxh1 Nh7
29.Bh4 Qf4 30.Kg2 Nf8 31.Bg3 Qf6 32.Qe3 Ng6 33.f4 Kf7 34.Qe6+ Kg7 35.Qxf6+ Kxf6
36.Kf3 Ne7 37.Bh4+  1-0

[Event "Hafnarfjordur op"]
[Site "Hafnarfjordur"]
[Date "1996.??.??"]
[Round "3"]
[White "Halldorsson, Bjorn"]
[Black "Einarsson, Bergsteinn"]
[Result "0-1"]
[WhiteElo "2270"]
[BlackElo "2175"]

1.d4 Nf6 2.c4 e6 3.Nc3 Bb4 4.f3 c5 5.d5 d6 6.e4 Nxe4 7.fxe4 Qh4+ 8.Kd2 Qxe4
9.Qf3 exd5 10.cxd5 Qd4+ 11.Kc2 Bxc3 12.bxc3 Qa4+ 13.Kb2 O-O 14.Bd3 c4 15.Bf5 Na6
16.Be3 Bxf5 17.Qxf5 Nb4 18.cxb4 c3+ 19.Kc1 Rfe8 20.Qf2 Qa3+ 21.Kd1 c2+ 22.Qxc2 Rxe3
23.Rc1 Rae8 24.Nf3 Rxf3 25.gxf3 Qxf3+ 26.Kd2 Re2+ 27.Kd1 Rxh2+  0-1

[Event "Hafnarfjordur op"]
[Site "Hafnarfjordur"]
[Date "1996.??.??"]
[Round "7"]
[White "Halldorsson, Bjorn"]
[Black "Engqvist, Thomas"]
[Result "1/2-1/2"]
[WhiteElo "2270"]
[BlackElo "2375"]

1.d4 Nf6 2.c4 e6 3.Nc3 Bb4 4.f3 d5 5.a3 Bxc3+ 6.bxc3 c5 7.e3 O-O 8.cxd5 Nxd5
9.Qc2 Nc6 10.Bd3 cxd4 11.cxd4 e5 12.Ne2 exd4 13.exd4 Qh4+ 14.g3 Qh3 15.Kf2 Be6
16.Qd2 Rfe8 17.Be4 Rad8 18.Bb2 Nce7 19.Rac1 Bf5 20.Ng1 Qh5 21.Re1 Rc8 22.h4 Bxe4
23.Rxe4 Nf6 24.Re5 Qg6 25.Ne2 Qc2 26.Rd1 Ned5 27.g4 Qxd2 28.Rxd2 Nb6 29.Nf4 Red8
30.Re7 Nc4 31.Rc2 Nxb2 32.Rxb2 Rxd4 33.Ne2 Rd7 34.Rxd7 Nxd7 35.Rxb7 Ne5 36.Rxa7 h5
37.g5 Rc2 38.f4 Ng6 39.Ra4 Nxh4  1/2-1/2

[Event "HUN-chT2 9596"]
[Site "HUN"]
[Date "1996.??.??"]
[Round "10"]
[White "Krizsany, Laszlo"]
[Black "Istvandi, Lajos"]
[Result "1-0"]
[WhiteElo "2440"]
[BlackElo "2335"]

1.d4 Nf6 2.c4 e6 3.Nc3 Bb4 4.f3 d5 5.a3 Bxc3+ 6.bxc3 h6 7.cxd5 exd5 8.e3 O-O
9.Bd3 c5 10.Ne2 Nc6 11.O-O Re8 12.Ng3 a6 13.Ra2 Be6 14.Raf2 Rc8 15.Bb2 Na5
16.Re1 b5 17.e4 cxd4 18.cxd4 dxe4 19.fxe4 Ng4 20.Rf3 Nc4 21.Bxc4 Bxc4 22.h3 Nf6
23.d5 Nd7 24.Nf5 Ne5 25.Rg3 g6 26.Nxh6+ Kh7 27.Bxe5 Kxh6 28.Qf3 Qb6+ 29.Kh2 Rxe5
30.Qf4+ Kh7 31.Qxe5 Qf2 32.Rf3  1-0

[Event "Jakarta Gunadarma"]
[Site "Jakarta"]
[Date "1996.??.??"]
[Round "7"]
[White "Adianto, Utut"]
[Black "Liu Dede"]
[Result "1-0"]
[WhiteElo "2605"]
[BlackElo "2405"]

1.d4 Nf6 2.c4 e6 3.Nc3 Bb4 4.f3 d5 5.a3 Bxc3+ 6.bxc3 c5 7.cxd5 Nxd5 8.dxc5 Qa5
9.e4 Ne7 10.Be3 O-O 11.Qb3 Nd7 12.Rd1 Qc7 13.Qc4 Nc6 14.Nh3 b6 15.cxb6 axb6
16.Qb3 Ba6 17.Bxa6 Rxa6 18.O-O Rfa8 19.Bf4 Nde5 20.Bc1 Na5 21.Qc2 Nac4 22.f4 Ng4
23.Qe2 h5 24.Ng5 Qc5+ 25.Rd4 Nxa3 26.Be3 Qxc3 27.Qxa6 Qxe3+ 28.Kh1 Rf8 29.Rdd1 Nc2
30.e5 g6 31.Nh3 Qc5 32.Rc1 b5 33.Qd6 Qc4 34.Qd2 Rc8 35.Ng5 b4 36.Qd7 Rc7
37.Qd8+ Kg7 38.h3 Nge3 39.Qf6+ Kg8 40.Rfd1 Nd5 41.Qd8+ Kg7 42.Rxd5 exd5 43.Qf6+ Kg8
44.e6 d4 45.exf7+ Rxf7 46.Qxg6+ Kf8 47.Nxf7  1-0

[Event "SLO-ch U18"]
[Site "Kranj"]
[Date "1996.??.??"]
[Round "6"]
[White "Stojnic, Miodrag"]
[Black "Ivec, M."]
[Result "1/2-1/2"]
[WhiteElo "2090"]
[BlackElo "1830"]

1.d4 Nf6 2.c4 e6 3.Nc3 Bb4 4.f3 c5 5.d5 Bxc3+ 6.bxc3 d6 7.e4 e5 8.Bd3 Qe7
9.Ne2 h6 10.Be3 Nbd7 11.Qd2 Rg8 12.h4 Kd8 13.g4 Ne8 14.Ng3 Nf8 15.Ke2 Kc7
16.a4 Rh8 17.a5 Rb8 18.g5 h5 19.Kd1 g6 20.Rf1 Nd7 21.Rf2 b6 22.Kc2 Ng7 23.Raf1 Ne8
24.Ne2 Rh7 25.Ra1 Bb7 26.Ra3 Rh8 27.Ng3 Ng7 28.Ra1 Ne8 29.Re2 Ng7 30.Rf1 Ne8
31.Ree1 Rf8 32.Rb1 Ng7 33.Rb2 Ba6 34.Ra1 bxa5 35.Rba2 Bb7 36.Rxa5 a6 37.Bf1 f5
38.exf5 gxf5 39.f4 Rfe8 40.Bd3 e4 41.Be2 Qf7 42.Qd1 Rh8 43.Kd2 Bc8 44.Qa4 Rb6
45.Ra3 Bb7 46.Rb3 Nb8 47.Bxc5 Rxb3 48.Qxb3 dxc5 49.Rxc5+ Bc6 50.dxc6 Nxc6
51.Qa4 Qd7+ 52.Rd5 Qc8 53.Qa3 Qe6 54.Qc5 Qe7 55.Nxf5 Qxc5 56.Rxc5 Ne6 57.Rd5 Nxf4
58.Rd6 Rf8 59.Rf6 Rxf6 60.gxf6 Ne5 61.Ng3 Nfg6 62.Nxe4 Nxh4 63.Bxh5 Nxc4+
64.Kd3 Ne5+ 65.Kd4 Nd7 66.Kd5 a5 67.Ke6 Nxf6 68.Kxf6 a4 69.Nc5 a3 70.Ke5 Kc6  1/2-1/2

[Event "SLO-ch U18"]
[Site "Kranj"]
[Date "1996.??.??"]
[Round "8"]
[White "Pregarac, V."]
[Black "Ivec, M."]
[Result "1-0"]
[WhiteElo "1810"]
[BlackElo "1830"]

1.d4 Nf6 2.c4 e6 3.Nc3 Bb4 4.f3 c5 5.d5 Bxc3+ 6.bxc3 e5 7.e4 d6 8.Bd3 Nbd7
9.Ne2 Qe7 10.Ng3 Nf8 11.O-O Ng6 12.Nf5 Bxf5 13.exf5 Nf8 14.Qc2 N8d7 15.Bg5 h6
16.Bh4 Kd8 17.a4 Kc8 18.Ra2 Rg8 19.Re1 Qd8 20.a5 Qc7 21.a6 b6 22.Qc1 Qd8
23.Rae2 Qf8 24.f4 exf4 25.Qxf4 Ne5 26.Bc2 Nfd7 27.g4 f6 28.Ba4 Nd3 29.Re8+ Qxe8
30.Rxe8+ Rxe8 31.Qxd6 N3e5 32.Bxd7+ Nxd7 33.Qc6+  1-0

[Event "Kuala Lumpur schev"]
[Site "Kuala Lumpur"]
[Date "1996.??.??"]
[Round "1"]
[White "Ooi Chern Ee"]
[Black "Mithrakanth, Poorna Sharma"]
[Result "1/2-1/2"]
[WhiteElo "2220"]
[BlackElo "2360"]

1.d4 Nf6 2.c4 e6 3.Nc3 Bb4 4.f3 d5 5.a3 Be7 6.e4 dxe4 7.fxe4 e5 8.d5 Bc5
9.Nf3 Ng4 10.Na4 Be3 11.Qd3 Bxc1 12.Rxc1 f5 13.h3 Nf6 14.exf5 e4 15.Qe3 c6
16.Nd4 O-O 17.Nc3 Qb6 18.b4 cxd5 19.cxd5 Nbd7 20.Na4 Qd6 21.Nb5 Qe5 22.Nc7 Rb8
23.Bc4 Kh8 24.Ne6 Re8 25.Qg5 g6 26.Nc3 Nb6 27.Bb5 Re7 28.O-O Bxe6 29.dxe6 Rxe6
30.Qf4 Qxf4 31.Rxf4 gxf5 32.Rxf5 Rc8 33.Ne2 Rxc1+ 34.Nxc1 Kg7 35.Ne2 a6 36.Nf4 Rd6
37.Be2 Nbd5 38.Nxd5 Rxd5 39.Rxd5 Nxd5 40.Bc4 Ne7 41.Kf2 Kf6 42.Ke3 Ke5 43.g4 h6
44.Bf7 Nc8 45.h4 Nd6 46.Bb3 Nb5 47.Bc2 Nxa3 48.Bxe4 Nc4+ 49.Kd3 Nb2+ 50.Ke3 Nc4+  1/2-1/2

[Event "Kuala Lumpur schev"]
[Site "Kuala Lumpur"]
[Date "1996.??.??"]
[Round "7"]
[White "Ooi Chern Ee"]
[Black "Mithrakanth, Poorna Sharma"]
[Result "1-0"]
[WhiteElo "2220"]
[BlackElo "2360"]

1.d4 Nf6 2.c4 e6 3.Nc3 Bb4 4.f3 d5 5.a3 Be7 6.e4 dxe4 7.fxe4 e5 8.d5 Bc5
9.Bg5 h6 10.Bh4 Bd4 11.Nf3 c5 12.Qc2 O-O 13.Nb5 Qa5+ 14.b4 cxb4 15.Nfxd4 exd4
16.Bxf6 gxf6 17.Qd2 Na6 18.Bd3 Nc5 19.O-O Nxd3 20.Qxd3 a6 21.axb4 Qxb4 22.Rxf6 axb5
23.Rxa8 Qxc4 24.Qg3+ Kh7 25.Qf4  1-0

[Event "Leiner op"]
[Site "Leiner"]
[Date "1996.??.??"]
[Round "1"]
[White "Kranz, Armin"]
[Black "Schweda, Roland"]
[Result "0-1"]
[WhiteElo "2125"]
[BlackElo "2330"]

1.d4 Nf6 2.c4 e6 3.Nc3 Bb4 4.f3 d5 5.a3 Be7 6.e4 dxc4 7.Bxc4 O-O 8.Nge2 b6
9.O-O Bb7 10.Be3 Nc6 11.b4 e5 12.d5 Nb8 13.Ng3 a5 14.Qb3 Ne8 15.Nf5 Nd6 16.Nxd6 Bxd6
17.Nb5 axb4 18.axb4 Rxa1 19.Rxa1 Nd7 20.Ra7 Qb8 21.Ra2 f5 22.exf5 Rxf5 23.Nc3 Rf8
24.Ne4 Nf6 25.Nxd6 cxd6 26.Bxb6 e4 27.fxe4 Bc8 28.Be3 Nxe4 29.b5 Qc7 30.b6 Qe7
31.Bd4 Nd2 32.Qg3 Nxc4 33.Ra7 Bb7 34.Qxg7+ Qxg7 35.Bxg7 Rf7 36.Bd4 Bxd5 37.Rxf7 Kxf7
38.Kf2 Ke6 39.g4 Bb7 40.Kg3 Kd5 41.Bg1 Ke4 42.h4 d5 43.g5 d4 44.Bxd4 Kxd4
45.h5 Nxb6 46.g6 h6  0-1

[Event "Leiner op"]
[Site "Leiner"]
[Date "1996.??.??"]
[Round "8"]
[White "Kranz, Armin"]
[Black "Krumpacnik, Domen"]
[Result "0-1"]
[WhiteElo "2125"]
[BlackElo "2390"]

1.d4 Nf6 2.c4 e6 3.Nc3 Bb4 4.f3 c5 5.d5 exd5 6.cxd5 O-O 7.e4 Nxe4 8.fxe4 Qh4+
9.Ke2 Bxc3 10.bxc3 Re8 11.Be3 b6 12.Rc1 Ba6+ 13.c4 Rxe4 14.Nf3 Qe7 15.Qb3 d6
16.Kf2 Nd7 17.Be2 Re8 18.Rc3 Nf6 19.h3 b5 20.Nd2 bxc4 21.Bxc4 Bxc4 22.Nxc4 Nxd5
23.Rd3 Nb4 24.Rxd6 Rxc4 25.Re1 Rc2+ 26.Rd2 Qf6+ 27.Kg1 Rc3 28.Qd1 h6 29.Rf2 Qc6
30.Rfe2 Rd3 31.Qc1 Rc8 32.Bf2 Rdd8 33.Re7 Nd3 34.Qc4 Qf6  0-1

[Event "SWE-chB2"]
[Site "Linkoping"]
[Date "1996.??.??"]
[Round "?"]
[White "Laveryd, Peter"]
[Black "Eriksson, Anders"]
[Result "1/2-1/2"]
[WhiteElo "2300"]
[BlackElo "2305"]

1.d4 Nf6 2.c4 e6 3.Nc3 Bb4 4.f3 d5 5.a3 Bxc3+ 6.bxc3 b6 7.cxd5 exd5 8.e3 O-O
9.Bd3 Ba6 10.Ne2 c5  1/2-1/2

[Event "ITA-ch"]
[Site "Mantova"]
[Date "1996.??.??"]
[Round "6"]
[White "Belotti, Bruno"]
[Black "Arlandi, Ennio"]
[Result "1/2-1/2"]
[WhiteElo "2400"]
[BlackElo "2445"]

1.d4 Nf6 2.c4 e6 3.Nc3 Bb4 4.f3 d5 5.a3 Bxc3+ 6.bxc3 c5 7.cxd5 Nxd5 8.Qd3 O-O
9.e4 Ne7 10.Be3 cxd4 11.cxd4 b6 12.Qb3 Ba6 13.Bxa6 Nxa6 14.Ne2 Qd7 15.O-O Rac8
16.Rfd1  1/2-1/2

[Event "Minsk op"]
[Site "Minsk"]
[Date "1996.??.??"]
[Round "6"]
[White "Shishkin, Vadim"]
[Black "Chernyshov, Konstantin"]
[Result "1-0"]
[WhiteElo "2425"]
[BlackElo "2470"]

1.d4 Nf6 2.c4 e6 3.Nc3 Bb4 4.f3 O-O 5.e4 Ne8 6.Ne2 b6 7.a3 Be7 8.Be3 Bb7
9.Ng3 c5 10.d5 d6 11.f4 Nd7 12.Qd2 Bf6 13.Be2 Qe7 14.O-O g6 15.dxe6 Qxe6
16.Nd5 Bg7 17.Rad1 Ndf6 18.f5 Qd7 19.Nc3 Qe7 20.Bg5 h5 21.Kh1 Qe5 22.Bf4 Qe7
23.Bg5 Qe5 24.Nd5 Bxd5 25.exd5 Nh7 26.Bd3 Nxg5 27.Qxg5 Bf6 28.Qd2 Qxb2 29.fxg6 Qxd2
30.gxf7+ Rxf7 31.Rxd2 h4 32.Nf5 Bg5 33.Rdf2 Rf6 34.Rf3 Ng7 35.Nxh4 Rxf3 36.Nxf3 Bf6
37.Bg6 Ne8 38.Re1 Nc7 39.a4 a6 40.Rb1 Rb8 41.Bd3 Kg7 42.g4 b5 43.g5 Be7 44.h4 Rf8
45.axb5 axb5 46.Kg2 bxc4 47.Bxc4 Rf4 48.Rb7  1-0

[Event "Mondariz op"]
[Site "Mondariz"]
[Date "1996.??.??"]
[Round "?"]
[White "Martinez, D."]
[Black "Borrego, Enrique"]
[Result "1-0"]
[WhiteElo "2100"]
[BlackElo "2205"]

1.d4 Nf6 2.c4 e6 3.Nc3 Bb4 4.f3 d5 5.a3 Bxc3+ 6.bxc3 b6 7.cxd5 exd5 8.e3 O-O
9.Bd3 c5 10.Ne2 Ba6 11.O-O Re8 12.Ng3 Bxd3 13.Qxd3 Nbd7 14.Bb2 Qc7 15.e4 dxe4
16.fxe4 Rad8 17.Qf3 Qb7 18.Rae1 Re6 19.Nf5 Rde8 20.d5 Nxd5 21.Nh6+ Kh8 22.Nxf7+ Kg8
23.Nh6+ Kh8 24.Nf7+ Kg8 25.Nd6 Ne5 26.Qh5 g6 27.Nxb7 gxh5 28.exd5 Nf3+ 29.gxf3 Rxe1
30.d6  1-0

[Event "Montreal op"]
[Site "Montreal"]
[Date "1996.??.??"]
[Round "2"]
[White "Levtchouk, George"]
[Black "Moussa, Alaa Eddine"]
[Result "1/2-1/2"]
[WhiteElo "2345"]
[BlackElo "2205"]

1.d4 Nf6 2.c4 e6 3.Nc3 Bb4 4.f3 c5 5.d5 b5 6.e4 bxc4 7.Bxc4 Nxd5 8.Bxd5 exd5
9.Qxd5 Nc6 10.Ne2 Ba6 11.Kf2 Qe7 12.Rd1 Rc8 13.Ng3 g6 14.Bf4 c4 15.Bd6 Bxd6
16.Qxd6 Nb4 17.a3 Qxd6 18.Rxd6 Nd3+ 19.Ke3 Rc6 20.Rxc6 dxc6  1/2-1/2

[Event "Moscow Alekhine op"]
[Site "Moscow"]
[Date "1996.??.??"]
[Round "?"]
[White "Volkov, Sergey"]
[Black "Kiselev, Sergey"]
[Result "0-1"]
[WhiteElo "2460"]
[BlackElo "2525"]

1.d4 Nf6 2.c4 e6 3.Nc3 Bb4 4.f3 c5 5.d5 d6 6.Bd2 O-O 7.a3 Ba5 8.g3 a6 9.e4 b5
10.b3 Nbd7 11.Nh3 exd5 12.cxd5 Ne5 13.Nf2 Bd7 14.Be2 c4 15.O-O cxb3 16.Qxb3 Qb6
17.Kg2 Rfc8 18.Rac1 Nc4 19.Bxc4 Rxc4 20.Bg5 Rac8 21.Ne2 Qd8 22.Nd3 h6 23.Be3 Qe7
24.Nb2 Rxc1 25.Rxc1 Nxe4 26.Rxc8+ Bxc8 27.fxe4 Qxe4+ 28.Kg1 Bg4 29.Nf4 Qb1+
30.Kf2 Qe1+ 31.Kg2 Bf5 32.Kf3 g5 33.Nfd3 Qh1+ 34.Kf2 Qxh2+ 35.Kf3 Qh1+ 36.Kf2 Bg4
37.Nb4 Qf3+ 38.Kg1 Qxg3+ 39.Kf1 Qf3+ 40.Kg1 Bh3 41.Qc2 Qxe3+ 42.Kh2 Bf1 43.Qf5 Qe2+  0-1

[Event "Moscow Alekhine op"]
[Site "Moscow"]
[Date "1996.??.??"]
[Round "?"]
[White "Volkov, Sergey"]
[Black "Aleksandrov, Aleksej"]
[Result "1/2-1/2"]
[WhiteElo "2460"]
[BlackElo "2535"]

1.d4 Nf6 2.c4 e6 3.Nc3 Bb4 4.f3 d5 5.a3 Bxc3+ 6.bxc3 c5 7.cxd5 Nxd5 8.dxc5 f5
9.Nh3 O-O 10.c4 Nf6 11.Qxd8 Rxd8 12.Nf2 Nc6 13.Rb1 e5 14.Nd3 Be6 15.Rxb7 Bxc4
16.Nb4 Na5 17.Re7 Re8 18.Rxe8+ Rxe8 19.Bb2 Kf7 20.Kf2 Ke6 21.g3 Rd8 22.c6 g6
23.c7 Rc8 24.Bh3 Rxc7 25.e4 Nb3 26.exf5+ gxf5 27.Re1 Rc5 28.g4 a5 29.gxf5+ Kf7
30.Nc2 Bd3 31.Ne3 Nh5 32.Rd1 Nf4 33.Bf1 Bxf5 34.Bxe5 Rxe5 35.Nxf5 Rxf5 36.Bc4+ Ke7
37.Bxb3 Rc5 38.Re1+ Kf6 39.Re4 Kg5 40.a4 h5 41.Re8 Rc3 42.Rb8 h4 43.Rb5+ Kf6
44.Bg8 Kg7 45.Rg5+ Kh8 46.Rg4 Nd3+ 47.Ke2 Ra3  1/2-1/2

[Event "Moscow Alekhine op"]
[Site "Moscow"]
[Date "1996.??.??"]
[Round "?"]
[White "Shishkin, Vadim"]
[Black "Arkhipov, Sergey"]
[Result "0-1"]
[WhiteElo "2425"]
[BlackElo "2515"]

1.d4 Nf6 2.c4 e6 3.Nc3 Bb4 4.f3 c5 5.d5 d6 6.e4 O-O 7.Bd3 b5 8.Ne2 exd5 9.cxd5 c4
10.Bc2 Bc5 11.Nxb5 Qa5+ 12.Nbc3 Na6 13.Nd4 Nb4 14.Be3 Re8 15.Kf2 Rb8 16.Re1 Nd3+
17.Bxd3 Rxb2+ 18.Re2 Qxc3 19.Rc1 Qa3 20.Bxc4 Rxe2+ 21.Kxe2 Rxe4 22.Bb3 Ba6+
23.Kf2 Rxd4 24.Bxd4 Bxd4+ 25.Kg3 Nh5+ 26.Kh3 Nf4+ 27.Kg4 Nxg2  0-1

[Event "Moscow GM4"]
[Site "Moscow"]
[Date "1996.??.??"]
[Round "?"]
[White "Moskalenko, Viktor"]
[Black "Kazantsev, Valentin"]
[Result "1-0"]
[WhiteElo "2480"]
[BlackElo "2275"]

1.d4 Nf6 2.c4 e6 3.Nc3 Bb4 4.f3 c5 5.d5 d6 6.e4 Bxc3+ 7.bxc3 e5 8.Bd3 Qa5
9.Ne2 Nbd7 10.O-O Nf8 11.f4 Ng6 12.f5 Ne7 13.Qe1 Bd7 14.Qg3 Kf8 15.Bg5 Neg8
16.a4 Rb8 17.Qh4 h6 18.Bd2 Ne8 19.g4 f6 20.Kf2 Qd8 21.a5 Qe7 22.Ng1 Qf7 23.Nf3 Ke7
24.g5 Kd8 25.gxf6 Ngxf6 26.Rg1 Rf8 27.Bc2 Kc7 28.Be3 Qe7 29.Ke2 Kc8 30.h3 Nc7
31.Qg3 Nce8 32.Nh4 Nh5 33.Qf2 Rf7 34.Ng6 Qd8 35.Kd2 Nhf6 36.Bxc5 dxc5 37.Nxe5 Qe7
38.Nxf7 Qxf7 39.Qxc5+ Kd8 40.e5  1-0

[Event "RUS-Cup2"]
[Site "Moscow"]
[Date "1996.??.??"]
[Round "3"]
[White "Moskalenko, Viktor"]
[Black "Saulin, Dmitri"]
[Result "1-0"]
[WhiteElo "2470"]
[BlackElo "2395"]

1.d4 Nf6 2.c4 e6 3.Nc3 Bb4 4.f3 d5 5.a3 Bxc3+ 6.bxc3 c5 7.cxd5 Nxd5 8.dxc5 Qa5
9.e4 Ne7 10.Be3 O-O 11.Qb3 Nec6 12.Rd1 e5 13.Bc4 Na6 14.Ne2 Nxc5 15.Qb5 Ne6
16.Qxa5 Nxa5 17.Bd5 Nc7 18.c4 Nxd5 19.cxd5 b6 20.Bd2 Nc4 21.Bb4 Rd8 22.Rc1 Ba6
23.Kf2 f5 24.exf5 Rxd5 25.Rhd1 Rad8 26.Rxd5 Rxd5 27.Ng3 Rd7 28.Ne4  1-0

[Event "Moscow-ch"]
[Site "Moscow"]
[Date "1996.??.??"]
[Round "6"]
[White "Kosyrev, Vladimir"]
[Black "Belozerov, Andrei"]
[Result "1-0"]
[WhiteElo "2315"]
[BlackElo "2455"]

1.d4 Nf6 2.c4 e6 3.Nc3 Bb4 4.f3 d5 5.a3 Be7 6.e4 c5 7.cxd5 exd5 8.e5 Nfd7
9.f4 cxd4 10.Qxd4 Nb6 11.Bd3 Nc6 12.Qf2 f6 13.Nf3 O-O 14.Qh4 f5 15.Qf2 Be6
16.Be3 Nc4 17.Bxc4 dxc4 18.Bc5 b6 19.Bxe7 Qxe7 20.O-O Rfd8 21.Nb5 Rd3 22.Nd6 g5
23.Nxg5 Nxe5 24.Nxf5 Bxf5 25.fxe5 Rf8 26.Qh4 Qxe5 27.Qxc4+ Kg7 28.Rae1 Re3
29.Nf3 Qe4 30.Qc7+ Kg8 31.Qxa7 Bh3 32.Qc7 Rf4 33.Qd8+ Kg7 34.Qg5+ Kh8 35.Qd8+ Kg7
36.Qd4+ Qxd4 37.Nxd4 Rxe1 38.Rxe1 Rxd4 39.gxh3 Rd2 40.b4 Ra2 41.Re6 Rxa3
42.Kg2 b5 43.Rb6 Ra2+ 44.Kg3 Ra3+ 45.Kg4 Ra2 46.Rxb5 Rxh2 47.h4 Rg2+ 48.Kh5 Rd2
49.Rb7+ Kg8 50.Kg5  1-0

[Event "RUS-Cup2"]
[Site "Moscow"]
[Date "1996.??.??"]
[Round "9"]
[White "Moskalenko, Viktor"]
[Black "Kiselev, Sergey"]
[Result "0-1"]
[WhiteElo "2470"]
[BlackElo "2545"]

1.d4 Nf6 2.c4 e6 3.Nc3 Bb4 4.f3 c5 5.d5 d6 6.e4 O-O 7.Bd3 b5 8.Ne2 Nbd7 9.dxe6 fxe6
10.cxb5 Ne5 11.Bf4 Nxd3+ 12.Qxd3 d5 13.exd5 exd5 14.O-O d4 15.Ne4 Nxe4 16.fxe4 Be6
17.b3 Rc8 18.Rac1 Ba3 19.Rcd1 c4 20.Qxd4 Bc5 21.Qxc5 Rxc5 22.Rxd8 Rxd8 23.Be3 Rxb5
24.Nd4 Rb6 25.bxc4 Bxc4 26.Rc1 Rc8 27.Nf5 Re6 28.Bxa7 g6 29.Ng3 Ra6 30.Bd4 Rxa2
31.h4 Be6 32.Rxc8+ Bxc8 33.h5 g5 34.Bf6 Ra5 35.Kf2 Kf7 36.e5 Ra2+ 37.Ke3 h6
38.Ne4 Bg4 39.Nd6+ Kg8 40.g3 Bxh5 41.Nf5 Kh7 42.Kd4 Bg4 43.Ne7 Ra3  0-1